000 00236nam a22000977a 4500
999 _c532402
_d532402
082 _a620.106
_bDOU
100 _aDouglas, John F.
245 _aFluid Mechanics /
942 _2ddc
_cBK